[Event "ROM-ch (Women)"]
[Site "Predeal"]
[Date "2006.12.03"]
[Round "7"]
[White "Paulet, Iozefina"]
[Black "Moldovan, Corina"]
[Result "0-1"]
[WhiteElo "2167"]
[BlackElo "2226"]
[PlyCount "76"]
[EventDate "2006.11.27"]
[EventType "swiss"]
[EventRounds "11"]
[EventCountry "ROU"]
[SourceTitle "CBM 115 Extra"]
[Source "ChessBase"]
[SourceDate "2007.01.10"]
[SourceVersion "1"]
[SourceVersionDate "2007.01.10"]
[SourceQuality "1"]

1. e4 c5 2. Nc3 Nc6 3. Bb5 Nd4 4. Bc4 e6 5. Nf3 a6 6. d3 b5 7. Bb3 Bb7 8. Nxd4 cxd4 9. Ne2 Bc5 10. 0-0 Ne7 11. Ng3 0-0 12. Qh5 Rc8 13. f4 g6 14. Qg4 f5 15. exf5 Nxf5 16. Nxf5 Rxf5 17. Bd2 Qc7 18. h4 Rcf8 19. Rae1 Bd6 20. g3 a5 21. c3 a4 22. Bd1 a3 23. cxd4 axb2 24. Bb3 Bd5 25. Qd1 Ra8 26. Bxd5 Rxd5 27. Qb3 Qa7 28. Bc3 Qxa2 29. Qxb2 Qxb2 30. Bxb2 Ra2 31. Rb1 Ba3 32. Bc3 Rc2 33. Bb4 Bb2 34. Rfd1 Bxd4+ 35. Kh1 Bb2 36. Rd2 Rxd2 37. Bxd2 Ba3 38. Rb3 Bd6 0-1

[Event "ROM-ch (Women)"]
[Site "Predeal"]
[Date "2006.12.01"]
[Round "5"]
[White "Moldovan, Corina"]
[Black "Adoamnei, Roxana Antonela"]
[Result "1/2-1/2"]
[WhiteElo "2226"]
[BlackElo "2030"]
[PlyCount "56"]
[EventDate "2006.11.27"]
[EventType "swiss"]
[EventRounds "11"]
[EventCountry "ROU"]
[SourceTitle "CBM 115 Extra"]
[Source "ChessBase"]
[SourceDate "2007.01.10"]
[SourceVersion "1"]
[SourceVersionDate "2007.01.10"]
[SourceQuality "1"]

1. e4 c6 2. d4 d5 3. exd5 cxd5 4. Bd3 g6 5. c3 f6 6. Bf4 Nh6 7. Nf3 Nf7 8. 0-0 Bg7 9. Re1 0-0 10. Nbd2 Nc6 11. Bc2 e5 12. dxe5 fxe5 13. Be3 d4 14. cxd4 exd4 15. Bf4 g5 16. Bg3 g4 17. Nh4 d3 18. Bb3 Bf6 19. Be6 Bxe6 20. Rxe6 Bxh4 21. Qxg4+ Qg5 22. Qxh4 Qxd2 23. Bf4 Qxb2 24. Rd1 Rad8 25. Re3 Kh8 26. Rh3 Qg7 27. Rg3 Qb2 28. Rh3 Qg7 1/2-1/2

[Event "ROM-ch (Women)"]
[Site "Predeal"]
[Date "2006.11.29"]
[Round "3"]
[White "Moldovan, Corina"]
[Black "Jicman, Ligia Letitia"]
[Result "0-1"]
[WhiteElo "2226"]
[BlackElo "2178"]
[PlyCount "68"]
[EventDate "2006.11.27"]
[EventType "swiss"]
[EventRounds "11"]
[EventCountry "ROU"]
[SourceTitle "CBM 115 Extra"]
[Source "ChessBase"]
[SourceDate "2007.01.10"]
[SourceVersion "1"]
[SourceVersionDate "2007.01.10"]
[SourceQuality "1"]

1. e4 c5 2. Nf3 Nc6 3. d4 cxd4 4. Nxd4 Qb6 5. Nb3 Nf6 6. Bd3 e6 7. Be3 Qc7 8. f4 d6 9. Nc3 Be7 10. Qf3 a6 11. 0-0 b5 12. e5 Nd7 13. exd6 Bxd6 14. Bxb5 Bb7 15. Bd3 Nce5 16. Qe2 Nxd3 17. cxd3 0-0 18. Rac1 Qd8 19. Ne4 Be7 20. Nd4 Nf6 21. Nc6 Bxc6 22. Nxf6+ Bxf6 23. Rxc6 Qd5 24. Rc4 Rfd8 25. Rd1 Qb5 26. b3 Rd5 27. Qc2 Rad8 28. Rc8 g6 29. Kf2 Kg7 30. Rxd8 Rxd8 31. Qc4 Qh5 32. Rd2 Qf5 33. Qe4 Qa5 34. a4 Qc3 0-1

[Event "ROM-ch (Women)"]
[Site "Predeal"]
[Date "2006.11.28"]
[Round "2"]
[White "Anusca, Madalina Maria"]
[Black "Moldovan, Corina"]
[Result "0-1"]
[WhiteElo "1941"]
[BlackElo "2226"]
[PlyCount "92"]
[EventDate "2006.11.27"]
[EventType "swiss"]
[EventRounds "11"]
[EventCountry "ROU"]
[SourceTitle "CBM 115 Extra"]
[Source "ChessBase"]
[SourceDate "2007.01.10"]
[SourceVersion "1"]
[SourceVersionDate "2007.01.10"]
[SourceQuality "1"]

1. d4 d5 2. Nf3 e6 3. Bf4 c5 4. e3 Nf6 5. c4 Nc6 6. Nc3 dxc4 7. Bxc4 a6 8. Ne5 Nxe5 9. Bxe5 b5 10. Qf3 Ra7 11. Bd3 Nd7 12. Bf4 cxd4 13. exd4 Be7 14. 0-0 Nf6 15. Rfd1 0-0 16. Ne4 Bb7 17. Nxf6+ Bxf6 18. Qh3 g6 19. Be5 Bd5 20. Qh6 Rd7 21. Bc2 Bxe5 22. dxe5 Qc7 23. Rd2 Qxe5 24. Rad1 Rc7 25. Bb1 Rfc8 26. h3 Rc5 27. b4 Rc3 28. Rd4 R8c4 29. Rxc4 Rxc4 30. a3 Rc3 31. Rc1 Qc7 32. Rxc3 Qxc3 33. Kh2 Qb2 34. Bd3 Qxf2 35. Qg5 h6 36. Qg4 Kg7 37. Be4 f5 38. Qf3 Qxf3 39. Bxf3 Bxf3 40. gxf3 Kf6 41. f4 e5 42. Kg3 exf4+ 43. Kxf4 g5+ 44. Ke3 Ke5 45. Kf3 Kd4 46. Kg3 Kc3 0-1

[Event "ROM-ch (Women)"]
[Site "Predeal"]
[Date "2006.11.27"]
[Round "1"]
[White "Moldovan, Corina"]
[Black "Craciun, Paula Iulia"]
[Result "1/2-1/2"]
[WhiteElo "2226"]
[BlackElo "2097"]
[PlyCount "130"]
[EventDate "2006.11.27"]
[EventType "swiss"]
[EventRounds "11"]
[EventCountry "ROU"]
[SourceTitle "CBM 115 Extra"]
[Source "ChessBase"]
[SourceDate "2007.01.10"]
[SourceVersion "1"]
[SourceVersionDate "2007.01.10"]
[SourceQuality "1"]

1. e4 c5 2. Nf3 Nc6 3. d4 cxd4 4. Nxd4 g6 5. c4 Nf6 6. Nc3 d6 7. Be2 Nxd4 8. Qxd4 Bg7 9. Be3 0-0 10. Qd2 Be6 11. Rc1 Qa5 12. f3 Rfc8 13. Nd5 Qxd2+ 14. Kxd2 Bxd5 15. cxd5 a6 16. Rxc8+ Rxc8 17. Rc1 Rxc1 18. Kxc1 Kf8 19. b4 e6 20. dxe6 fxe6 21. b5 axb5 22. Bxb5 Ke7 23. Kc2 Nd7 24. Kb3 d5 25. exd5 exd5 26. Kb4 d4 27. Bg5+ Kd6 28. Bxd7 Kxd7 29. Kc4 Ke6 30. a4 Kf5 31. Bc1 h5 32. h3 h4 33. Kd3 Be5 34. Bd2 g5 35. Bc1 Bf4 36. Ba3 Ke5 37. Bc5 Be3 38. Bb6 Kd5 39. Ba7 Bf2 40. Bb6 Be3 41. Bd8 Bf4 42. Be7 Be3 43. Bb4 Ke5 44. Kc4 Bf2 45. Bd2 Be3 46. Ba5 Bf2 47. Bc7+ Kf5 48. Kd3 Be3 49. g4+ hxg3 50. Bxg3 Bf4 51. Bf2 Be5 52. h4 gxh4 53. Bxh4 Kf4 54. Bf2 Kxf3 55. Bxd4 Bc7 56. Bg1 Ba5 57. Kc4 Ke4 58. Kb5 Bc7 59. Bb6 Bg3 60. Bd8 Bf2 61. Bb6 Bg3 62. Bg1 Bc7 63. Kc5 Kf5 64. Kc4 Kf6 65. Bc5 Kf7 1/2-1/2

[Event "ROM-chT div-A (Women)"]
[Site "Predeal"]
[Date "2006.11.11"]
[Round "8"]
[White "Tutulan, Mihaela"]
[Black "Moldovan, Corina"]
[Result "0-1"]
[WhiteElo "2024"]
[BlackElo "2226"]
[PlyCount "134"]
[EventDate "2006.11.04"]
[EventType "team-tourn"]
[EventRounds "9"]
[EventCountry "ROU"]
[SourceTitle "EXT 2007"]
[Source "ChessBase"]
[SourceDate "2006.11.23"]
[SourceVersion "1"]
[SourceVersionDate "2006.11.23"]
[SourceQuality "1"]

1. d4 d5 2. c4 e6 3. Nc3 c6 4. cxd5 exd5 5. Qc2 Bd6 6. Nf3 Ne7 7. Bg5 f6 8. Bh4 Bf5 9. Qd2 0-0 10. e3 a5 11. Bd3 Na6 12. Bg3 Bg4 13. a3 Nc7 14. Qc2 Bxf3 15. gxf3 f5 16. Bxd6 Qxd6 17. f4 Ne6 18. Ne2 b5 19. Ng3 g6 20. h4 h5 21. Kf1 a4 22. Ne2 Rfc8 23. b4 axb3 24. Qxb3 Ra5 25. Nc3 Rca8 26. Nb1 Nc8 27. Rg1 Kf7 28. Qc2 Ne7 29. Ra2 Nf8 30. Rb2 Nd7 31. Rb3 Nb6 32. Kg2 Ra4 33. Rc3 Nc4 34. Bxc4 dxc4 35. Qe2 Nd5 36. Rc2 Rxa3 37. Nxa3 Qxa3 38. Kh2 c3 39. e4 Re8 40. f3 Re6 41. Qf2 fxe4 42. fxe4 Rxe4 43. Qg2 Re6 44. f5 Qd6+ 45. Kh1 Rf6 46. fxg6+ Rxg6 47. Qf3+ Ke7 48. Qe4+ Re6 49. Qh7+ Kd8 50. Rg8+ Re8 51. Rxe8+ Kxe8 52. Qxh5+ Kd7 53. Re2 b4 54. Qf5+ Kc7 55. Qh7+ Qd7 56. Qe4 b3 57. h5 Qh3+ 58. Kg1 Qxh5 59. Qd3 c2 60. Qg3+ Kc8 61. Qg8+ Kb7 62. Re7+ Nxe7 63. Qxb3+ Kc7 64. Qxc2 Qg4+ 65. Kh2 Qh5+ 66. Kg1 Qg6+ 67. Qxg6 Nxg6 0-1